| 000 | 01061nam0a2200265 i 4500 | ||
|---|---|---|---|
| 001 | RU\NLR\bibl\228337 | ||
| 005 | 20240725203240.0 | ||
| 021 |
_aRU _b98-5232а _9210 |
||
| 035 | _a(NLR Aleph) 000224319 | ||
| 090 |
_a1304444 _c1304444 |
||
| 100 | _a20020213d1997 |||y0rusy50 ca | ||
| 101 | 0 | _arus | |
| 102 | _aRU | ||
| 105 | _ay dm ||||| | ||
| 200 | 1 |
_aПазырыкская культура _eРеконструкция мировоззрен. и миф. представлений _eАвтореф. дис. на соиск. учен. степ. д.ист.н. _eСпец. 07.00.06 _fРос. акад. наук. Сибир. отд., Ин-т археологии и этнографии |
|
| 210 |
_aНовосибирск _d1997 |
||
| 215 |
_a54 с. _d21 |
||
| 320 | _aБиблиогр.: с.52-54 (42 назв.) | ||
| 686 |
_a07.00.06 _2oksvnk |
||
| 700 | 1 |
_aПолосьмак _bН. В. _gНаталья Викторовна |
|
| 801 | 0 |
_aRU _bNLR _c20020213 _gPSBO |
|
| 801 | 1 |
_aRU _bNLR _c20020213 |
|
| 852 |
_aNLR _jА98/5232 |
||
| 942 | _cBOOK | ||